000
00311nam a22001217a 4500
999
_c
5061
_d
5061
008
250516b ||||| |||| 00| 0 eng d
020
_a
9781502630315
082
_a
941 GRE
100
_a
GREIG,GEMMA
_e
AUTHOR
245
_a
UNITED KINGDOM
260
_a
NEW YORK
_b
CAVENDISH SQUARE PUBLISHING LLC
_c
2018
942
_2
ddc